000
00241nam a2200097Ia 4500
001
1101438
005
20250827003300.0
008
250824s9999 xx 000 0 und d
245
0
_a
SOKAKTA
_c
İSMAİL KILIÇARSLAN
260
_b
KETEBE YAYINLARI
999
_c
1101438
_d
1101438